Quan hệ thương mại VN-Nhật bản từ năm 1990 đến nay

Guardado en:
Detalles Bibliográficos
Autor principal: Trần Thị Mỹ Dung
Formato: Desconocido
Lenguaje:Vietnamese
Publicado: 2014
Materias:
Etiquetas: Agregar Etiqueta
Sin Etiquetas, Sea el primero en etiquetar este registro!
Thư viện lưu trữ: Mạng thư viện Đại học Đà Nẵng
LEADER 00877na a2200289 4500
001 000032131
003 8122
005 20151014000000.0
008 151001s2014 000 vie
041 |a vie 
082 |a 959.5975133  |b TR-D 
100 |a Trần Thị Mỹ Dung 
245 |a Quan hệ thương mại VN-Nhật bản từ năm 1990 đến nay  |c Trần Thị Mỹ Dung 
260 |c 2014 
300 |a 60tr. : mh ; 30cm 
650 |a Trần Thị Mỹ Dung, VN, Nhật bản, kinh tế, 2014, Khoa QTH 
852 |b Chuyên đề  |c Luận văn sinh viên 1 
OWN |a LNN 
999 |a From the UDN01 
TYP |a Printed language 
980 |a Mạng thư viện Đại học Đà Nẵng